000 01064cab a22002175a 4500
001 L141892
008 080109e20080104xxko f 000 0 eng d
035 _a(Sirsi) u141892
041 0 _aeng
100 1 _aShah, Aditi
245 0 0 _aSpecial report
_bhealthcare
260 _c2008
490 _aProperty Week
_v73(1) 4 January 2008, 67-75(6)
520 _aReports that investors are moving to the care home sector in an attempt to avoid the credit crunch. Focuses on recent purchases made by the Raven Group and a joint venture by Citrus and Apollo. Examines the business case for health screening clinics as a property investment. Reports on joint ventures between GPs and developers to build healthcare centres. Addresses how difficult it can be to lose weight and stop drinking in the alcohol-fuelled property industry. Also presents other news in brief.
590 _aKA
651 4 _aUnited Kingdom
_y
690 _aPROPERTY-OTHER PROPERTY TYPES-HEALTHCARE AND WELFARE PROPERTY
700 1 _aHipwell, Deirdre
700 1 _aBarrett, Claer
942 _n0
999 _c79647
_d79647